Leader xxxxxxxxxx
001 __ 102469/2/01
005 __ 20170410105902.391
010 0_ |a978-986-241-562-7|b平裝|d新臺幣149元
042 __ |anbic
100 __ |a20170410d2012 k y0chiy50 e
101 0_ |achi
102 __ |atw
105 __ |aa z 000fd
200 1_ |a中學生晨讀10分鐘|e啟蒙人生故事集|f何琦瑜主編|g張曼娟,王文華,顏擇雅等文
205 __ |a第一版
210 __ |a臺北市|c天下雜誌|d2012[民101]
215 0_ |a248面|c彩圖|d21公分
225 12 |a晨讀10分鐘|v017
517 1_ |a啟蒙人生故事集|zchi
517 1_ |a中學生晨讀十分鐘|zchi
700 _1 |a何|b琦瑜|4主編
702 _1 |a張|b曼娟|4文
702 _1 |a王|b文華|4文
702 _1 |a顏|b擇雅|4文
681 __ |a859.7|b8755
801 _0 |atw|bLibDipper|c20170410|gCCR
|